Протокол № 641 заседания Малого Совета Народных комиссаров от 3 марта 1921 года и материалы к протоколу

Доступно только в Электронных читальных залах Найти на картеНа карте
RUSMARC
00003966nac2a22002891x 450
001cad963a9-3b5e-4023-9098-63c9a41d8dcd
00520160521064512.0
100##$a20160325l1921 k y0rusy50 ca
1010#$arus
102##$aRU
105##$ay z |||||
1220#$ad19210303
2001#$aПротокол № 641 заседания Малого Совета Народных комиссаров от 3 марта 1921 года и материалы к протоколу
$j3 марта 1921
215##$a133 листа
251##$cДело
300##$aЛисты: 86 - малоконтрастный и трудночитаемый; 37-52 - печатный материал
300##$aПодлинные и копии. Дипломатическая копия
300##$aЧасть текста рукописная и машинописная, часть - напечатана типографским способом
324##$aДипломатическая копия и копия
325##$aЗамикрофильмировано
330##$aВходит в раздел описи: Управление Делами Секретариат. I. Протоколы. б/ Протоколы Малого Совета Народных Комиссаров
461#0$1001ad6baeac-e292-4829-90d1-2f4f65796a62
$12001
$aСОВЕТ НАРОДНЫХ КОМИССАРОВ РСФСР (СНК РСФСР)
$1251
$cФонд
$1852
$j130
$gР
462#0$1001749580a7-5abb-40c4-a39c-e540631a040a
$12001
$a1921 г.
$vД. 65
$1251
$cОпись
$1852
$j5
60101$3RU\NLR\AUTH\661074810
$aРСФСР
$bСовет Народных Комиссаров
801#0$aRU
$bGA_RF
801#1$aRU
$bНПО Опыт
$c20160325
$2rusmarc
801#2$aRU
$bПБ им. Б.Н. Ельцина
$c20160521
$gRCR
$2rusmarc
852##$aГА РФ
$j65
937##$d75204667
$hПБ
035##$aRuPRLIB51037344
Формат отображения